World's 25 Most Popular Desserts - Statistics

General Stats
  • This quiz has been taken 140 times
  • The average score is 15 of 25
Answer Stats
Picture Hint Answer % Correct
6. USA Doughnut
95%
25. Poland Polish Doughnuts
95%
7. France Crepes
89%
8. Italy Tiramisu
88%
3.USA Brownies
87%
12. Spain Churros
87%
2. USA Cupcakes
85%
9. USA Milkshake
85%
21. USA Apple Pie
81%
22. USA S'more
78%
14. France Eclair
76%
11. France Macarons
76%
5. USA Chocolate Chip Cookie
74%
1. Japan Mochi
72%
19. USA Fudge
69%
24. USA Sundae
61%
10. New Zealand Pavlova
44%
16. USA Frozen Yogurt
35%
23. Italy Panna cotta
33%
13.Italy Nougat
32%
17. UK Crumble
15%
20. Japan Daifuku
10%
18. South Korea Tteok
3%
4.Japan Wagashi
3%
15. Turkey Dondurma
2%
No matching quizzes found
Score Distribution
Percent of People with Each Score
Percentile by Number Answered
Your Score History
You have not taken this quiz